Dinh dưỡng và thức ăn thủy sản Bài giảng
.
Đã lưu trong:
| Tác giả chính: | |
|---|---|
| Định dạng: | Sách |
| Năm xuất bản: |
Đồng hới
Trường đại học Quảng Bình
2008
|
| Chủ đề: | |
| Tags: |
Thêm thẻ
Không có thẻ, Hãy là người đầu tiên gắn thẻ bản ghi này!
|
| LEADER | 00635nam a2200181 4500 | ||
|---|---|---|---|
| 999 | |c 14014 |d 14014 | ||
| 082 | |a 639.8071 |b TR 120 TH | ||
| 100 | |a Trần Thị Yên | ||
| 245 | |a Dinh dưỡng và thức ăn thủy sản |b Bài giảng |c Trần Thị Yên | ||
| 260 | |a Đồng hới |b Trường đại học Quảng Bình |c 2008 | ||
| 300 | |a 70tr. |c 30cm | ||
| 520 | |a . | ||
| 653 | |a Thủy sản | ||
| 653 | |a dinh dưỡng | ||
| 653 | |a thức ăn | ||
| 653 | |a bài giảng | ||
| 942 | |2 ddc |c TC | ||
| 952 | |0 0 |1 0 |2 ddc |4 0 |6 639_807100000000000_TR_120_TH |7 0 |8 600 |9 110939 |a qbu |b qbu |c D1 |d 2017-06-14 |o 639.8071 TR 120 TH |p BG165.C1 |r 2017-06-14 |w 2017-06-14 |y TC | ||